LEADER 01674nam a2200337 u 4500 001 000000022844 003 CaOOAMICUS 005 20211207170225.0 008 950330s1980 fr aek u000 u fre u 020 $a2-222-02620-2 032 $aLibriCat 035 $a10574835 040 $aPUL(R)$bita 041 0 $afre$aita$aeng$aspa$ager 110 2 $aCentre national de la recherche scientifique (Francia).$0(OLS)http://pul/name/720 245 10$aGenèse et débuts du Grand Schisme d'Occident :$bAvignon, 25-28 septembre 1978. 260 $aParis :$bEditions du Centre national de la recherche scientifique,$c1979. 300 $a652 p. :$bill., pianta (pieg.), prosp. ;$c25 cm 490 1 $aColloques internationaux du Centre national de la recherche scientifique ;$v586 500 $aBeiträge französisch, englisch, italienisch, spanisch u. deutsch. 650 4$aScisma d'Occidente, 1378-1417.$0(OLS)http://pul/subject/1199 650 4$aChiesa$xStoria$yMedioevo, 600-1500.$0(OLS)http://pul/subject/660 830 0$aColloques internationaux du Centre national de la recherche scientifique ;$v586.$0(OLS)http://pul/title/7060 850 $aPUL 852 $aPUL$W1$xSL Filosofia 1$y2$m110 D 26$j32030$nBK-PRI$b $qStampati$B32030$CPULBib$Z2$F32030 $H $81 941 1 $a8 961 $aINV: 60477 996 $6020$a2-222-02620-2$9(OLS)http://pul/number/28667 996 $6245$aGenèse et débuts du Grand Schisme d'Occident :$bAvignon, 25-28 septembre 1978$9(OLS)http://pul/title/31800 996 $6260$aParis :$bEditions du Centre national de la recherche scientifique$9(OLS)http://pul/publisher/49483 LEADER 01579nam a2200361 a 4500 001 000000124232 003 CaOOAMICUS 005 20110207123132.0 008 110204t2010 it u000 u ita r 020 $a978-88-343-1854-6 040 $aPUL$bita 082 04$a302.2 100 1 $aLivingstone, Sonia.$0(OLS)http://pul/name/43441 245 10$aRagazzi online :$bcrescere con internet nella società digitale /$cSonia Livingstone. 260 $aMilano :$bVita e pensiero,$c©2010. 300 $axviii, 340 p. ;$c22 cm. 490 1 $aVita e pensiero$aUniversità 490 1 $aMedia spettacolo processi culturali.$aRicerche 504 $aBibliografia p. [295]-340. 650 4$aComunicazione e linguaggi.$0(OLS)http://pul/subject/25504 650 4$aInternet.$0(OLS)http://pul/subject/20261 830 0$aMedia spettacolo processi culturali.$pRicerche.$0(OLS)http://pul/title/155558 830 0$aUniversità (Vita e Pensiero).$0(OLS)http://pul/title/154439 850 $aPUL 852 $aPUL$W1$xSL Diritto e Scienze Sociali 3$y79$m302. 2 LIVSO 1$j143037$qDDC 21$B142053$CPULBib$Z2$F142053 $H115689 $82 941 1 $a9 983 0$aVita e pensiero.$pUniversità. 983 0$aV & P. Università. 996 $6020$a978-88-343-1854-6$9(OLS)http://pul/number/146279 996 $6082$a302.2$9(OLS)http://pul/classification/1735 996 $6245$aRagazzi online :$bcrescere con internet nella società digitale$9(OLS)http://pul/title/156595 996 $6260$aMilano :$bVita e pensiero$9(OLS)http://pul/publisher/48016